000 01532cad a22002535a 4500
001 L159661
008 110131s2017 xxk f 100 0 eng d
035 _a(Sirsi) u159661
041 0 _aeng
110 2 _aNational Energy Foundation
_91196
245 0 0 _aState of the nation survey
_bLow energy retrofit in social housing
_h[electronic resource]
260 _aLondon
_bNational Energy Foundation
_c2017
520 _aTracks the attitudes of the UK?s housing sector towards energy saving retrofits, the opportunities and barriers. Between them, respondents to this survey on retrofit represent over 50% of the UK?s housing stock and the leading theme within this summary report describes how the sector is willing and increasingly able to deliver. Despite the contextual challenges, the survey shows that Registered Providers continue to take retrofit seriously and its impact on tenant welfare. There is a clear recognition that providing residents with warm, affordable homes is now vital as energy prices and the general cost of living look set to rise.
590 _aKA
650 2 4 _aENERGY EFFICIENCY IN BUILDINGS
650 2 4 _aRETROFITTING
650 2 4 _aSOCIAL HOUSING
651 4 _aUnited Kingdom
_y
690 _aENVIRONMENTAL AND LAND CONSULTANCY-ENERGY
710 1 _aCapita Management Consultancy
_91802
710 1 _aUniversity of Salford
_93465
856 4 0 _uhttps://www.capitaproperty.co.uk/media/2551/state_of_nation_report_final.pdf
_zView the report free of charge at www.capitaproperty.co.uk
942 _n0
999 _c116079
_d116079